Statistics for County-Level Divisions of Sichuan, China

Click here to take the quiz!

General Stats

  • This quiz has been taken 147 times
  • The average score is 103 of 183

Answer Stats

Prefecture-level City 地級市Answer% Correct
Chengdu 成都Dujiangyan 都江堰
94%
Chengdu 成都Jianyang 簡陽
94%
Chengdu 成都Wuhou 武侯
92%
Chengdu 成都Chenghua 成華
87%
Chengdu 成都Jinniu 金牛
87%
Aba 阿壩Ma'Erkang 馬爾康
87%
Deyang 德陽Guanghan 廣漢
85%
Chengdu 成都Qingyang 青羊
85%
Ganzi 甘孜Kangding 康定
83%
Chengdu 成都Qingbaijiang 青白江
83%
Deyang 德陽Shifang 什邡
83%
Aba 阿壩Wenchuan 汶川
83%
Chengdu 成都Xindu 新都
83%
Mianyang 綿陽Beichuan 北川
81%
Chengdu 成都Jinjiang 錦江
81%
Ganzi 甘孜Litang 理塘
81%
Chengdu 成都Pengzhou 彭州
81%
Chengdu 成都Shuangliu 雙流
81%
Liangshan 涼山Xichang 西昌
81%
Chengdu 成都Dayi 大邑
79%
Leshan 樂山Emeishan 峨眉山
79%
Zigong 自貢Ziliujing 自流井
79%
Zigong 自貢Gongjing 貢井
77%
Neijiang 內江Zizhong 資中
77%
Deyang 德陽Mianzhu 綿竹
75%
Chengdu 成都Pidu 郫都
75%
Chengdu 成都Jintang 金堂
73%
Aba 阿壩Jiuzhaigou 九寨溝
73%
Nanchong 南充Langzhong 閬中
73%
Chengdu 成都Longquanyi 龍泉驛
73%
Chengdu 成都Wenjiang 溫江
73%
Chengdu 成都Xinjin 新津
73%
Chengdu 成都Chongzhou 崇州
71%
Panzhihua 攀枝花Dongqu 東區
71%
Guangyuan 廣元Jiange 劍閣
71%
Mianyang 綿陽Jiangyou 江油
71%
Ganzi 甘孜Luding 瀘定
71%
Guangyuan 廣元Qingchuan 青川
71%
Chengdu 成都Qionglai 邛崍
71%
Panzhihua 攀枝花Xiqu 西區
71%
Neijiang 內江Longchang 隆昌
69%
Leshan 樂山 | Neijiang 內江Shizhong 市中
69%
Mianyang 綿陽Anzhou 安州
67%
Guang'an 廣安Guang'An 廣安
67%
Meishan 眉山Qingshen 青神
67%
Deyang 德陽Zhongjiang 中江
67%
Dazhou 達州Dazhu 大竹
65%
Meishan 眉山Dongpo 東坡
65%
Zigong 自貢Fushun 富順
65%
Ganzi 甘孜Ganzi 甘孜
65%
Guang'an 廣安Huaying 華鎣
65%
Ya'an 雅安Mingshan 名山
65%
Mianyang 綿陽Santai 三台
65%
Suining 遂寧Daying 大英
63%
Leshan 樂山Jingyan 井研
63%
Leshan 樂山Wutongqiao 五通橋
63%
Nanchong 南充Xichong 西充
63%
Mianyang 綿陽Youxian 遊仙
63%
Ya'an 雅安Yucheng 雨城
63%
Aba 阿壩Aba 阿壩
62%
Luzhou 瀘州Lu County 瀘縣
62%
Ya'an 雅安Lushan 蘆山
62%
Panzhihua 攀枝花Yanbian 鹽邊
62%
Dazhou 達州Dachuan 達川
60%
Leshan 樂山Ebian 峨邊
60%
Mianyang 綿陽Fucheng 涪城
60%
Guangyuan 廣元Lizhou 利州
60%
Nanchong 南充Nanbu 南部
60%
Chengdu 成都Pujiang 蒲江
60%
Zigong 自貢Rong County 榮縣
60%
Suining 遂寧Shehong 射洪
60%
Dazhou 達州Wanyuan 萬源
60%
Ziyang 資陽Anyue 安岳
58%
Deyang 德陽Luojiang 羅江
58%
Panzhihua 攀枝花Miyi 米易
58%
Suining 遂寧Pengxi 蓬溪
58%
Dazhou 達州Tongchuan 通川
58%
Zigong 自貢Da'An 大安
56%
Yibin 宜賓Gong County 珙縣
56%
Nanchong 南充Jialing 嘉陵
56%
Bazhong 巴中Nanjiang 南江
56%
Nanchong 南充Peng'An 蓬安
56%
Aba 阿壩Ruo'Ergai 若爾蓋
56%
Aba 阿壩Songpan 松潘
56%
Mianyang 綿陽Yanting 鹽亭
56%
Ganzi 甘孜Daocheng 稻城
54%
Aba 阿壩Li County 理縣
54%
Aba 阿壩Mao County 茂縣
54%
Meishan 眉山Pengshan 彭山
54%
Dazhou 達州Qu County 渠縣
54%
Panzhihua 攀枝花Renhe 仁和
54%
Meishan 眉山Renshou 仁壽
54%
Nanchong 南充Shunqing 順慶
54%
Ya'an 雅安Tianquan 天全
54%
Mianyang 綿陽Zitong 梓潼
54%
Ganzi 甘孜Batang 巴塘
52%
Nanchong 南充Gaoping 高坪
52%
Luzhou 瀘州Gulin 古藺
52%
Aba 阿壩Hongyuan 紅原
52%
Leshan 樂山Jinkouhe 金口河
52%
Leshan 樂山Mabian 馬邊
52%
Liangshan 涼山Meigu 美姑
52%
Luzhou 瀘州Naxi 納溪
52%
Guang'an 廣安Qianfeng 前鋒
52%
Aba 阿壩Xiaojin 小金
52%
Guangyuan 廣元Cangxi 蒼溪
50%
Yibin 宜賓Gao County 高縣
50%
Ya'an 雅安Hanyuan 漢源
50%
Aba 阿壩Heishui 黑水
50%
Liangshan 涼山Huili 會理
50%
Bazhong 巴中Tongjiang 通江
50%
Guangyuan 廣元Wangcang 旺蒼
50%
Yibin 宜賓Xingwen 興文
50%
Zigong 自貢Yantan 沿灘
50%
Guangyuan 廣元Chaotian 朝天
48%
Suining 遂寧Chuanshan 船山
48%
Meishan 眉山Danleng 丹棱
48%
Neijiang 內江Dongxing 東興
48%
Luzhou 瀘州Hejiang 合江
48%
Luzhou 瀘州Longmatan 龍馬潭
48%
Liangshan 涼山Muli 木裡
48%
Mianyang 綿陽Pingwu 平武
48%
Luzhou 瀘州Xuyong 敘永
48%
Suining 遂寧Anju 安居
46%
Leshan 樂山Jiajiang 夾江
46%
Luzhou 瀘州Jiangyang 江陽
46%
Aba 阿壩Jinchuan 金川
46%
Deyang 德陽Jingyang 旌陽
46%
Liangshan 涼山Jinyang 金陽
46%
Ganzi 甘孜Shiqu 石渠
46%
Ya'an 雅安Yingjing 滎經
46%
Yibin 宜賓Changning 長寧
44%
Liangshan 涼山Dechang 德昌
44%
Meishan 眉山Hongya 洪雅
44%
Yibin 宜賓Jiang'An 江安
44%
Dazhou 達州Kaijiang 開江
44%
Ziyang 資陽Lezhi 樂至
44%
Guang'an 廣安Linshui 鄰水
44%
Leshan 樂山Qianwei 犍為
44%
Dazhou 達州Xuanhan 宣漢
44%
Nanchong 南充Yilong 儀隴
44%
Nanchong 南充Yingshan 營山
44%
Bazhong 巴中Bazhou 巴州
42%
Yibin 宜賓Cuiping 翠屏
42%
Bazhong 巴中Enyang 恩陽
42%
Yibin 宜賓Junlian 筠連
42%
Yibin 宜賓Nanxi 南溪
42%
Aba 阿壩Rangtang 壤塘
42%
Leshan 樂山Shawan 沙灣
42%
Guang'an 廣安Wusheng 武勝
42%
Liangshan 涼山Xide 喜德
42%
Yibin 宜賓Xuzhou 敘州
42%
Ziyang 資陽Yanjiang 雁江
42%
Liangshan 涼山Yanyuan 鹽源
42%
Liangshan 涼山Huidong 會東
40%
Neijiang 內江Weiyuan 威遠
40%
Ganzi 甘孜Xiangcheng 鄉城
40%
Guang'an 廣安Yuechi 岳池
40%
Liangshan 涼山Yuexi 越西
40%
Guangyuan 廣元Zhaohua 昭化
40%
Ya'an 雅安Baoxing 寶興
38%
Liangshan 涼山Ganluo 甘洛
38%
Liangshan 涼山Mianning 冕寧
38%
Liangshan 涼山Puge 普格
38%
Ya'an 雅安Shimian 石棉
38%
Ganzi 甘孜Dege 德格
37%
Liangshan 涼山Leibo 雷波
37%
Leshan 樂山Muchuan 沐川
37%
Bazhong 巴中Pingchang 平昌
37%
Liangshan 涼山Zhaojue 昭覺
37%
Ganzi 甘孜Yajiang 雅江
35%
Ganzi 甘孜Baiyu 白玉
33%
Liangshan 涼山Butuo 布拖
33%
Ganzi 甘孜Luhuo 爐霍
33%
Liangshan 涼山Ningnan 寧南
33%
Yibin 宜賓Pingshan 屏山
33%
Ganzi 甘孜Derong 得榮
31%
Ganzi 甘孜Jiulong 九龍
31%
Ganzi 甘孜Seda 色達
29%
Ganzi 甘孜Xinlong 新龍
29%
Ganzi 甘孜Daofu 道孚
25%
Ganzi 甘孜Danba 丹巴
23%

Score Distribution

Percentile by Number Answered

Percent of People with Each Score

Your Score History

You have not taken this quiz